Graph Theory with Applications to Engineering and Computer Science / (Record no. 13035)
[ view plain ]
| 000 -LEADER | |
|---|---|
| fixed length control field | 00377cam a2200133ua 4500 |
| 020 ## - INTERNATIONAL STANDARD BOOK NUMBER | |
| ISBN | 9788120301450 |
| 020 ## - INTERNATIONAL STANDARD BOOK NUMBER | |
| ISBN | 8120301455 |
| 082 ## - DEWEY DECIMAL CLASSIFICATION NUMBER | |
| Classification number | 511.5 |
| Item number | NAR/GR |
| 100 ## - MAIN ENTRY--AUTHOR NAME | |
| Personal name | Deo, Narsingh . |
| 245 ## - TITLE STATEMENT | |
| Title | Graph Theory with Applications to Engineering and Computer Science / |
| 260 ## - PUBLICATION, DISTRIBUTION, ETC. (IMPRINT) | |
| Place of publication | New Delhi : |
| Name of publisher | PHI Learning Private Limited. |
| Year of publication | 2013 |
| 300 ## - PHYSICAL DESCRIPTION | |
| Number of Pages | 478 ; |
| Accompanying material | `. |
| 942 ## - ADDED ENTRY ELEMENTS (KOHA) | |
| Koha item type | Books |
| Withdrawn status | Lost status | Damaged status | Home library | Current library | Date acquired | Full call number | Accession Number | Koha item type | Collection code | Shelving location | Source of acquisition | Cost, normal purchase price |
|---|---|---|---|---|---|---|---|---|---|---|---|---|
| KAUAET | KAUAET | 07/04/2012 | 511.5 | 18897 | Books | |||||||
| KAUAET | KAUAET | 31/03/2012 | 511.5 NAR/GR | 23493 | Books | Non-fiction | General Stacks | International Books and periodical supply service, New Delhi | 225.00 | |||
| KAUAET | KAUAET | 31/03/2012 | 511.5 NAR/GR | 23128 | Books | Non-fiction | General Stacks | Dreamtech, Thiruvananthapuram | 225.00 | |||
| KAUAET | KAUAET | 08/12/2014 | 511.5 NAR/GR | 24328 | Books | General Stacks | Universal Researchi Book , Thrissur | 250.00 | ||||
| KAUAET | KAUAET | 08/12/2014 | 511.5 NAR/GR | 24329 | Books | General Stacks | Universal Researchi Book , Thrissur | 0.00 | ||||
| KAUAET | KAUAET | 08/12/2014 | 511.5 NAR/GR | 24330 | Books | General Stacks | Universal Researchi Book , Thrissur | 0.00 | ||||
| KAUAET | KAUAET | 08/12/2014 | 511.5 NAR/GR | 24331 | Books | General Stacks | Universal Researchi Book , Thrissur | 0.00 | ||||
| KAUAET | KAUAET | 08/12/2014 | 511.5 NAR/GR | 24332 | Books | General Stacks | Universal Researchi Book , Thrissur | 0.00 | ||||
| KAUAET | KAUAET | 30/03/2013 | 511.5 NAR/GR | 24051 | Books | General Stacks | Aman Book Stall, Calicut | 0.00 | ||||
| KAUAET | KAUAET | 30/03/2013 | 511.5 NAR/GR | 24052 | Books | General Stacks | Aman Book Stall, Calicut | 225.00 |
